000 00946nam a22003258i 4500
999 _c1719
_d1719
001 022659447
003 UkOxU
005 20230120143000.0
008 200601r20201987enk j 000|f|eng|d
015 _aGBC060322
_2bnb
016 7 _a019799203
_2Uk
020 _a9780702306310 (pbk.) :
035 _a(Uk)019799203
040 _aStDuBDS
_beng
_erda
_cStDuBDS
_dKH8
082 0 4 _a813.6 MAR
_223
100 1 _aMartin, Ann M.,
_d1955-
_eauthor.
245 1 0 _aKristy's big day /
_cAnn M. Martin.
263 _a202007
264 1 _aLondon :
_bScholastic,
_c2020.
300 _a1 volume ;
_c20 cm.
336 _atext
_2rdacontent
337 _aunmediated
_2rdamedia
338 _avolume
_2rdacarrier
490 0 _aThe Babysitters Club 2020 ;
_v6
500 _aTV tie-in.
500 _aOriginally published: 1987.
650 0 _aBabysitters Club (Imaginary organization)
_vJuvenile fiction.
655 0 _aChildren's stories.
942 _2ddc
_cFIC